Gaming Quiz

Random Gaming or Video Games Quiz

Robots in Video Games Quiz Stats

Quiz Updated Dec 11, 2012

Challenge
Share
Tweet
Score 0/20 Timer 05:00
0 Plays Today
Row/Column Name % Correct
Mega Man
94.6%
Clank
61.6%
R.O.B.
54.1%
Metal Sonic
53.4%
GLaDOS
51.6%
Claptrap
41.3%
Zero
36.2%
Legion
27.1%
Cyrax
24.2%
343 Guilty Spark
23.9%
Row/Column Name % Correct
Chibi-Robo
21.2%
HK-47
19.5%
Robo
19.5%
Jack
17.1%
Yes Man
14.4%
E-102 Gamma
14.2%
KOS-MOS
11.6%
ROB 64
10.9%
Aigis
8.4%
Ershin
2.9%

You're not logged in!

Compare scores with friends on all Sporcle quizzes.
Join for Free
OR
Log In

You Might Also Like...

Show Comments

Extras

Top Quizzes Today


Score Distribution

Your Account Isn't Verified!

In order to create a playlist on Sporcle, you need to verify the email address you used during registration. Go to your Sporcle Settings to finish the process.

Report this User

Report this user for behavior that violates our Community Guidelines.

Details: